000 00367nam a2200145Ia 4500
008 221007s9999 xx 000 0 und d
041 _aeng
082 _bKIR
100 _akirpekar Shraddha P (2k81078)
_9102332
245 _aWorking Capital Management
260 _c2010
_bPune University
_aPune
300 _a58p
520 _aDhamdhere Suvarna
906 _bGeneral
999 _c69494
_d69494